00425nam a2200157Ia 4500003000400000008004100004040001600045082001800061100001900079245005100098700001800149260004500167300000900212650002600221650002000247GCL140319s9999 xx 000 0 eng d aGCL / cGCL04a792.0938bG I1 aGREEN, RICHARD10aIMAGES OF THE GREEK THEATRE / cGREEN, RICHARD1 aHANDLEY, ERIC a[S.N] : bBRITISH MUSEUM PRESS ، c1995 a127P04aANCIENT GREEK THEATRE04aGREEK - THEATER